| 000 | 00641nam a22001937a 4500 | ||
|---|---|---|---|
| 999 |
_c525610 _d525610 |
||
| 003 | NUST | ||
| 005 | 20190703073621.0 | ||
| 008 | 190703b ||||| |||| 00| 0 eng d | ||
| 038 | _aMr. Zahoor | ||
| 082 | _a620.1 | ||
| 100 |
_aBilal, Mian Muhammad _916526 |
||
| 245 |
_aMechanical properties Optimization of Structural Steels for Structural Applications by Austempering / _cMian Muhammad Bilal |
||
| 260 |
_aIslamabad : _bSCME - NUST, _c2018. |
||
| 300 |
_ax, 58 p. : ill. ; _c30cm. |
||
| 500 | _aHardcover. | ||
| 650 |
_aMaterial and Surface Engineering - Ms Thesis _916443 |
||
| 700 |
_aDr. Khurram Yaqoob _916527 |
||
| 942 |
_2ddc _cTHE |
||